| 000 | 00000nam##2200000za#4500 |
| 001 | 9.619212 |
| 003 | CaOODSP |
| 005 | 20210615103331 |
| 007 | ta |
| 008 | 150406|2008||||xxc||||| f|0| 0 eng|d |
| 022 | |a0706-6457 |
| 040 | |aCaOODSP|beng |
| 043 | |an-cn--- |
| 086 | 1 |aFs97-6/2823E |
| 110 | 1 |aCanada. |bDepartment of Fisheries and Oceans. |
| 245 | 10|aQuality assurance/quality control (QA/QC) program for the Community Aquatic Monitoring Program (CAMP) / |cby M.-H. Thériault, S.C. Courtenay and J. Weldon. |
| 260 | |aMoncton - New Brunswick : |bFisheries and Oceans Canada |cc2008. |
| 300 | |av, 29p. : |bgraphs, map, references, tables, photographs ; |c28 cm. |
| 490 | 1 |aCanadian technical report of fisheries and aquatic sciences|x0706-6457|v2823 |
| 500 | |a"Department of Fisheries and Oceans, Gulf Fisheries Centre, Oceans and Sciences Branch, P.O. Box 5030, Moncton, New Brunswick, E1C 9B6". |
| 546 | |a(Résumé en français.) |
| 563 | |aSpiral binding |
| 590 | |a09-08|b2009-02-20 |
| 720 | 1 |aCourtenay, S. C. |
| 720 | 1 |aWeldon, J. |
| 720 | 1 |aThériault, M.-H. |
| 776 | 0#|tQuality assurance/quality control (QA/QC) program for the Community Aquatic Monitoring Program (CAMP) / |w(CaOODSP)9.566968 |
| 830 | #0|aCanadian technical report of fisheries and aquatic sciences,|x0706-6457|v2823|w(CaOODSP)9.514691 |